00799 2200253 4500001002100000005001500021035002000036007000300056008004100059020002200100082000800122084001400130100003500144245012300179250003100302260003200333300005800365650003200423700002700455700002200482700001700504990001200521990001200533INLIS00000000000165420180227030639 a0010-0218000249ta180227 g 0 ind  a978-979-3407-56-2 a297 a297 HAM e0 aHAMMUD, bin Abdullah al-Mathar1 aEnsiklopedia Bid'ah /cHammud bin Abdullah al-Mathar; penerjemah, Amir Hamzah Fachrudin, Kholif Muttaqien, Fuad Ahmadi aed. Indonesia.-- cet.13.-- aJakarta :bDarul Haq,c2016 axviii, 540 hlm. ;c25 cm.-- serial buku DH ke- 149.-- aISLAM-ENSIKLOPEDI DAN KAMUS0 aAMIR, Hamzah Fachrudin0 aKHOLIF, Muttaqien0 aFUAD, Ahmadi a16555 a a16555 b